| 000 | 00605cam a22001932 4500 | ||
|---|---|---|---|
| 001 | 0000021344 | ||
| 005 | 20151217155909.0 | ||
| 008 | 120327s xx 000 0 eng d | ||
| 040 |
_aKABU _cKABU |
||
| 110 | 2 |
_aKenya. _bMinistry of Finance. _@0000177603 |
|
| 245 | 1 | 0 |
_aAnnual public debt management report July2008-June 2009 / _cMinistry of Finance, Kenya. |
| 250 | _a1st ed. | ||
| 260 |
_aNairobi : _bMinistry of Finance, _c2010. |
||
| 300 | _a72 p. | ||
| 650 | 0 |
_aDebt, Public _zKenya. _@0000178192 |
|
| 908 | _a120327 | ||
| 950 | _@1 | ||
| 999 |
_c13819 _d13819 |
||